01940nam a2200277Ia 4500100003400000650002600034250000600060942000700066366000700073654001800080245004000098260004400138082002100182300000800203546001200211999001700223952017000240952015200410952015200562952016400714952015200878952016401030952015201194952015201346952016401498 aTaub /Herbert/ Schilling/D.L  aCommunication systems a2 cBK f20 acommunication aPrinciples of communication systems bTata Mc Graw hill Ltd.aNew Delhic1986 a621.382/TAUbTAU a759 aENGLISH c21271d21271 001040708CRCaCRCEbCRCEc1616 | 94d2023-03-17eProfessional Book House.g240.00i82 dt 08/08/2006l0o621.382/TAU TAUp16794r2024-08-01v260.00w0000-00-00yBK 001040708CRCaCRCEbCRCEc1616 | 94d2023-03-17eProfessional Book House.g240.00l0o621.382/TAU TAUp16795r2023-03-17v260.00w0000-00-00yBK 001040708CRCaCRCEbCRCEc1616 | 94d2023-03-17eProfessional Book House.g240.00l0o621.382/TAU TAUp16796r2023-03-17v260.00w0000-00-00yBK 001040708CRCaCRCEbCRCEc1616 | 94d2023-03-17eProfessional Book House.g240.00l1o621.382/TAU TAUp16797r2024-08-01s2024-07-31v260.00w0000-00-00yBK 001040708CRCaCRCEbCRCEc1616 | 94d2023-03-17eProfessional Book House.g240.00l0o621.382/TAU TAUp16798r2023-03-17v260.00w0000-00-00yBK 001040708CRCaCRCEbCRCEc1616 | 94d2023-03-17eProfessional Book House.g240.00l1o621.382/TAU TAUp16799r2024-08-01s2024-07-31v260.00w0000-00-00yBK 001040708CRCaCRCEbCRCEc1616 | 94d2023-03-17eProfessional Book House.g240.00l0o621.382/TAU TAUp16800r2023-03-17v260.00w0000-00-00yBK 001040708CRCaCRCEbCRCEc1616 | 94d2023-03-17eProfessional Book House.g240.00l0o621.382/TAU TAUp16801r2023-03-17v260.00w0000-00-00yBK 001040708CRCaCRCEbCRCEc1616 | 94d2023-03-17eProfessional Book House.g240.00l1o621.382/TAU TAUp16802r2024-08-01s2024-07-31v260.00w0000-00-00yBK